00565nam a2200193Ia 4500003000900000008004100009040001600050080001700066100002500083245007300108250001200181260003900193300001700232490005200249650001600301650002100317650001400338650001900352IN-BaIIA211028s9999 xx 000 0 eng d cIIA Library a537:538bMAX aMaxwell, James Clerk 2aA treatise on electricity and magnetismbvol. 1cJames Clerk Maxwell a3rd ed. aNew YorkbDover Publicationsc1954 axxxii, 506p. aDover books on physics and mathematical physics aElectricity aElectromagnetism aMagnetism aNASA Thesaurus